|
|
|
|
| LEADER |
00000nab a2200000 a 4500 |
| 001 |
vtls009159283 |
| 003 |
SK-MaSNL |
| 005 |
20260304152040.0 |
| 008 |
250506c2007 xo |||||||||||000 b|slo |
| 015 |
|
|
|a SNBRB2007/11
|2 snkbucl
|
| 035 |
|
|
|a (uuid)5a3b8de1-aca0-46e6-9826-d40ecca954c8
|
| 035 |
|
|
|a urn:nbn:sk:snk-abet6p
|
| 035 |
|
|
|a (urnnbn)urn:nbn:sk:snk:ar-0074sc
|
| 038 |
|
|
|a SNKBUCL
|
| 040 |
|
|
|a SNKBUCL
|b slo
|c SNKBUCL
|e AACR2
|
| 041 |
0 |
|
|a slo
|
| 044 |
|
|
|a xo
|c SK
|
| 080 |
|
|
|a 636.75.088
|2 1997
|
| 100 |
1 |
|
|a Chvála, Karol
|4 aut
|9 778233
|
| 245 |
1 |
0 |
|a Insitnosť a odbornosť
|c Karol Chvála
|
| 300 |
|
|
|b Fotogr.
|
| 500 |
|
|
|a Reakcia na článok Výcvik farbiara - skúšobný poriadok a prax - Dušan Slivka. - Poľovníctvo a rybárstvo. - Roč. 59, č. 3 (2007), s. 26-27
|
| 650 |
0 |
7 |
|a poľovné psy
|2 snkbucl
|9 2814
|
| 650 |
0 |
7 |
|a farbiare
|2 snkbucl
|9 88084
|
| 650 |
0 |
7 |
|a výcvik zvierat
|2 snkbucl
|9 67537
|
| 773 |
0 |
|
|t Poľovníctvo a rybárstvo
|g Roč. 59, č. 10 (2007), s. 34-35
|x 0231-8768
|
| 850 |
|
|
|a Slovenská národná knižnica
|
| 852 |
|
|
|a Slovenská národná knižnica
|
| 954 |
|
|
|a odborná, vedecká literatúra pôvodná (slovenská)
|2 lita
|
| 958 |
|
|
|a article27
|
| 958 |
|
|
|a OND
|
| 958 |
|
|
|a EUIPO
|
| 999 |
|
|
|c 2946972
|d 2948902
|